Prénoms de footballeurs n°3 - Statistiques

Statistiques générales
  • Ce quiz a été pris 192 fois
  • Le résultat moyen est 13 sur 15
Statistiques - réponses
Pays Nom Prénom % Correct
France Koundé Jules
98%
Égypte Salah Mohammed
98%
Argentine Di María Ángel
97%
France Doué Désiré
97%
Royaume-Uni Bellingham Jude
96%
Pays-Bas Van Dijk Virgil
96%
Cameroun Eto'o Samuel
95%
Royaume-Uni Rice Declan
91%
Portugal Figo Luis
91%
Italie Buffon Gianluigi
89%
Allemagne Wirtz Florian
86%
Suisse Sommer Yann
85%
Brésil Firmino Roberto
80%
Suède Gyökeres Viktor
72%
États-Unis Tillman Malik
26%
Aucun quiz correspondant
Distribution des résultats
% des personnes avec chaque résultat
Percentile par nombre de réponses
Votre historique - résultats
Vous n’avez pas pris ce quiz